| 000 | 00495nam a2200157 i 4500 | ||
|---|---|---|---|
| 001 | 132008 | ||
| 003 | ES-MaACL | ||
| 005 | 20230906194104.0 | ||
| 007 | t| | ||
| 008 | 070214s1911 sp r ||||1| spa d | ||
| 100 | 1 |
_aRoig y Espert, José. _999026 |
|
| 245 | 1 | 3 |
_aLa autoseroterapia en las pleuresias serofibrinosas _b: tesis doctoral / _cJosé Roig y Espert. |
| 260 |
_aMadrid : _b[s.n.], _c1911 ( _fImp. de Ricardo R. de Rojas) |
||
| 300 |
_a39 p. ; _c22 cm. |
||
| 852 |
_aES-MaACL _jT-1313-F-2 |
||
| 999 |
_c132008 _d132008 |
||